{"text_format":"1","workbook":"xlsx","n_sheets":1,"sheets":["inv_taller_abril2022"],"not_rendered":{"charts":0,"images":3,"macros":0,"external_links":0,"defined_names":0,"comments":0,"pivot_tables":0},"unopened":[],"bounds":{"document_bytes":16777216,"sheet_cells":100000,"rows_first":2000,"rows_last":500,"rows_between":2000,"halvings":0,"cell_chars":16384,"cell_head_chars":4096},"cells_cut":0,"cells_raw":0,"read":"whole","date_system":"1900"}

{"sheet":"inv_taller_abril2022","index":0,"n_rows":618,"n_cols":8,"rows_kept":618,"cut":false,"hidden":false,"merged":[[612,0,612,6],[398,0,398,6],[194,0,194,6],[219,6,223,6],[219,7,223,7],[434,0,438,0],[434,1,438,1],[434,2,438,2],[434,3,438,3],[434,4,438,4],[434,5,438,5],[434,6,438,6],[434,7,438,7],[219,0,223,0],[219,1,223,1],[219,2,223,2],[219,3,223,3],[219,4,223,4],[219,5,223,5],[430,0,430,7],[431,0,431,7],[432,0,432,7],[6,0,10,0],[6,1,10,1],[6,2,10,2],[6,3,10,3],[6,4,10,4],[6,5,10,5],[6,6,10,6],[1,0,1,7],[2,0,2,7],[3,0,3,7],[215,0,215,7],[216,0,216,7],[217,0,217,7],[6,7,10,7]]}
[]
["INSTITUTO DEL TABACO DE LA REPÚBLICA DOMINICANA"]
["INVENTARIO DE TALLER DE MECANICA"]
["MES DE ABRIL 2022"]
[]
[]
["Fecha de adquisición y/o registro","Artículo","Código institucional","Descripción artículo","Existencia","Unidad","Costo","Valor"]
[]
[]
[]
[]
["2015-10-20","BANDAS ( 78 )","BANDA T N","BANDAS TRACERA NISSAN",2,"UND",1300,{"$f":"+G12*E12","v":2600}]
["2015-10-20","BOMBILLOS ( 51 )","BOMBILLOS 1 CONTACT.","BOMBILLOS 12V 21W 1 CONTACTO",19,"UND",125,2375]
["2015-10-20","BOMBILLOS ( 51 )","BOMBILLOS H3 24V","BOMBILLOS H3 24V",2,"UND",225,450]
["2013-09-12","BOMBILLOS ( 51 )","BOMBILLOS H4","BOMBILLOS H4 24V TRACTORES",9,"UND",225,2025]
["2016-09-16","CAMISAS ( 43 )","CAMISAS MOTOR","CAMISAS MOTOR FORD 6610",4,"UND",1564.97,6259.88]
["2016-03-09","CANDADOS ( 54 )","C.T.E.R","CANDAD.TUERC.EJE RAST",6,"UND",3.8,22.799999999999997]
["2016-03-09","CORREAS ( 49 )","CORREA","CORREA AX41",2,"UND",799,1598]
["2015-04-23","CORREAS ( 49 )","CORREA 1737013A0940","CORREA 17070 13 A 0940",2,"UND",300,600]
["2015-04-23","CORREAS ( 49 )","CORREA A1046LD","CORREA OPTIBELT A1046LD",2,"UND",412,824]
["2015-04-23","CORREAS ( 49 )","CORREA DAYCO 17295","CORREA DAYCO 13A07501",1,"UND",262.5,262.5]
["2015-04-23","CORREAS ( 49 )","CORREA DAYCO 17350","CORREA 13 A 0890 17350",1,"UND",300,300]
["2014-02-03","CORREAS ( 49 )","CORREA.","CORREA AX49",1,"UND",1205.96,1205.96]
["2016-03-14","CORREAS ( 49 )","CORREA...","CORREA AX52",1,"UND",1738.14,1738.14]
["2016-03-14","CORREAS ( 49 )","CORREAS 17515","CORREAS 17575",2,"UND",250,500]
["2016-03-14","CORREAS ( 49 )","CORREAS 5425","CORREAS 15425",1,"UND",200,200]
["2016-03-14","CORREAS ( 49 )","CORREAS AX53","CORREAS HERCULES AX53",3,"UND",400,1200]
["2016-03-14","CRUCETAS ( 47 )","CRUCETA GMB","CRUCETA GMB",3,"UND",475,1425]
["2016-03-14","FILTRO ( 466 )","F A","FILTRO AIRE 16546-T3400",4,"UND",304,1216]
["2016-03-14","FILTRO ( 466 )","F A  W962","FILTRO ACEITE MAN W962 TS-120",1,"UND",666.99769000000003,666.99769000000003]
["2016-03-14","FILTRO ( 466 )","F, A","FILTRO AIRE A5005",4,"UND",799.44203000000005,3197.7681200000002]
["2016-03-14","FILTRO ( 466 )","F,A.","FILTRO AIRE 87344135",2,"UND",604.01197999999999,1208.02396]
["2016-03-14","FILTRO ( 466 )","F,H","FILTRO H. NW  BT8899",1,"UND",2693.5075299999999,2693.5075299999999]
["2016-03-14","FILTRO ( 466 )","FA,,","FILTRO AIRE 87344136",2,"UND",475.56049999999999,951.12099999999998]
["2016-03-14","FILTRO ( 466 )","FA. J5570","FILTRO AIRE 16546-J5570",3,"UND",542.79999999999995,1628.3999999999999]
["2016-03-14","FILTRO ( 466 )","FA1172","FILTRO AIRE 117200090150",10,"UND",1587.1,15871]
["2018-04-10","FILTRO ( 466 )","FA170801","FILTRO AIRE MIT. DAH. 17801-87303",4,"UND",941.64,3766.56]
["2016-10-25","FILTRO ( 466 )","FAA5541","FILTRO AIRE 46562 A5541",4,"UND",1652,6608]
["2016-10-25","FILTRO ( 466 )","FAAD56","FILTRO ACEITE 4D56 AD-51343",10,"UND",354,3540]
["2016-10-25","FILTRO ( 466 )","FAB7179","FILTRO ACEITE B-7179",9,"UND",531,4779]
["2016-03-09","FILTRO ( 466 )","FABT1600","FILTRO ACEITE BT 838257421PF1600",3,"UND",2883.92,8651.76]
["2017-03-09","FILTRO ( 466 )","FABT9471","FILTRO ACEITE BT-9471",8,"UND",1204.78,9638.24]
["2017-03-09","FILTRO ( 466 )","FAC,","FILTRO AIRE CANTER ME017242",3,"UND",767,2301]
["2017-03-09","FILTRO ( 466 )","FAC71791","FILTRO ACEITE CAMION M. 51791",6,"UND",472,{"$f":"+G44*E44","v":2832}]
["2017-09-17","FILTRO ( 466 )","FACAN","FILTRO AIRE CANTER",5,"UND",767,3835]
["2017-09-17","FILTRO ( 466 )","FAD.","FILTRO AIRE DAH.178001-87003",5,"UND",960.52,4802.6000000000004]
["2016-02-09","FILTRO ( 466 )","FAFD22","FILTRO AIRE F.D22QD32VM00A",1,"UND",236,236]
["2016-02-09","FILTRO ( 466 )","FAJCB","FILTRO AIRE JCB 49275 549275",3,"UND",3098.68,9296.0399999999991]
["2017-01-24","FILTRO ( 466 )","FAMO","FILTRO AIRE MOTERO 01",3,"UND",1003,3009]
["2016-02-09","FILTRO ( 466 )","FANF","FILTRO AIRE NISSAN F. 16546-25601",3,"UND",2500,7500]
["2016-02-09","FILTRO ( 466 )","FANH","FILTRO ACEITE N.H.57794 BT8899",6,"UND",2200.6999999999998,13204.199999999999]
["2016-02-09","FILTRO ( 466 )","FAPH36A","FILTRO ACEITE PH36A",6,"UND",295,1770]
["2016-02-09","FILTRO ( 466 )","FAUA5540","FILTRO AIRE UNIV 46569 A5540",4,"UND",708,2832]
["2016-02-09","FILTRO ( 466 )","FG FC-1022","FILTRO GASOIL FC-1022",3,"UND",313.88,941.64]
["2016-02-09","FILTRO ( 466 )","FG PS-6643","FILTRO GASOIL PS-6643",4,"UND",1085.0325,4340.13]
["2016-02-09","FILTRO ( 466 )","FG14B","FILTRO G.14B UNION 4053",5,"UND",188.8,944]
["2016-02-09","FILTRO ( 466 )","FG7934","FILTRO GASOIL FC-7934 REG2420",5,"UND",531,2655]
["2016-02-09","FILTRO ( 466 )","FGA,","FILTRO GASOIL FC1104",6,"UND",216.25488000000001,1297.5292800000002]
["2016-02-09","FILTRO ( 466 )","FGFORD","FILTRO GASOIL FORD73 33417",5,"UND",802.4,4012]
["2016-02-09","FILTRO ( 466 )","FGMF","FILTRO GASOIL M.F.6VT USA",11,"UND",295,3245]
["2016-02-09","FILTRO ( 466 )","FGMIT.","FILTRO GASOIL MIT.A-292",4,"UND",259.60000000000002,1038.4000000000001]
["2016-02-09","FILTRO ( 466 )","FGNTD27","FILTRO GASOIL N.TD27 FC-1806",4,"UND",236,944]
["2016-02-09","FILTRO ( 466 )","FIL A","FILTRO AIRE 16405-02N10",3,"UND",173.20414,519.61241999999993]
["2016-02-09","FILTRO ( 466 )","FL3321","FILTROS L3321",20,"UND",472,9440]
["2016-02-09","FILTROS DE ACEITE ( 33 )","F ACEI. LU.FINPH6715","FILTRO ACEITE LUB.FIN.PH6715 FORD 6610",5,"UND",379.31,1896.55]
["2016-02-09","FILTROS DE AIRE ( 32 )","F ACEI. WIX 51602","FILTRO ACEITE PLANTA CUMMINS",8,"UND",270,2160]
["2016-02-09","FILTROS DE AIRE ( 32 )","F ACEI.BALD.BD355","FILTRO ACEITE MITSUBISHI",3,"UND",410,1230]
["2016-02-09","FILTROS DE AIRE ( 32 )","F ACEI.FLET.G.LF3345","FILTRO ACEITE PLANT.CUMMINS",1,"UND",256.35199999999998,256.35199999999998]
["2017-10-05","FILTROS DE AIRE ( 32 )","F ACEI.WIX 51607","FILTRO ACEITE PLANT.CUMINS",5,"UND",125,625]
["2017-03-09","FILTROS DE AIRE ( 32 )","F GAS 23390-64480","FILTRO GS.TANAKA PRADO",2,"UND",521,1042]
["2017-03-09","FILTROS DE AIRE ( 32 )","F GAS. 23390-OL010","FILTRO GASOIL HILUX",2,"UND",290,580]
["2017-03-09","FILTROS DE AIRE ( 32 )","F GAS. BALD.BF1205-S","FILTRO GASOIL NEW.HOL.6000",7,"UND",917.29304000000002,6421.0512799999997]
["2017-03-09","FILTROS DE AIRE ( 32 )","F GAS. BALD.P7088","FILTRO GASOIL PLANT. CATERP.",5,"UND",420,2100]
["2017-03-09","FILTROS DE AIRE ( 32 )","F GAS. BALDWIN FP-10","FILTRO GASOIL PLANT. CATERP.",3,"UND",241,723]
["2017-03-09","FILTROS DE AIRE ( 32 )","F GAS. LFF-8930","FILTRO GASOIL TOYOTA RUNNER",6,"UND",521,3126]
["2016-02-09","FILTROS DE AIRE ( 32 )","F GAS. WIX 33138","FILTRO GASOIL TOYOTA",3,"UND",236,{"$f":"+G76*E76","v":708}]
["2016-02-09","FILTROS DE AIRE ( 32 )","F GAS. WIX 33196","FILTRO GASOIL NEW HOL. TS120",1,"UND",742,742]
["2016-02-09","FILTROS DE AIRE ( 32 )","F GAS. WIX 33352","FILTRO GASOIL PLANTA CATERP.",4,"UND",330,1320]
["2016-02-09","FILTROS DE AIRE ( 32 )","F GAS. WIX 33386","FILTRO GASOIL CAMION CANTER",2,"UND",397,794]
["2016-02-09","FILTROS DE AIRE ( 32 )","F GAS.33239","FILTRO GASOIL INTERN.Y/O COMASU",8,"UND",267,2136]
["2016-02-09","FILTROS DE AIRE ( 32 )","F GAS.BALD.BF7532","FILTRO GASOIL NISSAN CIVILIAN",2,"UND",367,734]
["2016-02-09","FILTROS DE AIRE ( 32 )","F GAS.LUB.F.FP-941F","FILTRO G. MITS. 5103-0015",2,"UND",312,624]
["2016-02-09","FILTROS DE AIRE ( 32 )","F HID.F.G.51712","FILTRO HIDRAU. NISSAN FRONTIER",2,"UND",669,1338]
["2016-02-09","FILTROS DE AIRE ( 32 )","F HID.WIX 51791","FILTRO HIDRAUL. PLANTA CATERP.",1,"UND",330,330]
["2016-02-09","FILTROS DE AIRE ( 32 )","FA. 52087","FILTRO AIRE PUROL.PLANTA CATERPILAR",4,"UND",1900,7600]
["2016-02-09","FILTROS DE AIRE ( 32 )","FA. CA1588SY FORD","FILTRO AIRE FORD 6610",3,"UND",1136.5,3409.5]
["2016-02-09","FILTROS DE AIRE ( 32 )","FA. LAF 1741","FILTRO  AIRE TRACTOR YANMAR",2,"UND",2035,4070]
["2016-02-09","FILTROS DE AIRE ( 32 )","FA. N/R","FILTRO AIRE N/R PLANTA CUMINGS",2,"UND",1002,2004]
["2016-02-09","FILTROS DE AIRE ( 32 )","FA. PA2432  FORD","FILTRO AIRE FORD 6610",3,"UND",997,2991]
["2016-02-09","FILTROS DE AIRE ( 32 )","FA. PA2845","FILTRO AIRE BALD. FORD 6610",1,"UND",1345,1345]
["2016-02-09","FILTROS DE AIRE ( 32 )","FA. WIX 42852","FILTRO AIRE PLANTA CATERPILAR",3,"UND",1895,5685]
["2016-02-09","FILTROS DE AIRE ( 32 )","FA.17801-0C010","FILTRO AIRE HILUX",2,"UND",305,610]
["2016-02-09","FILTROS DE AIRE ( 32 )","FA.17801-56010","FILTRO AIRE CAMION DAIHATSU",2,"UND",455,910]
["2016-02-09","FILTROS DE GASOIL ( 34 )","F GAS 16405-01170","FILTRO GAS SAKURA 16405-01170 NISSAN",1,"UND",622.85,622.85]
["2016-02-09","FLASH ( 63 )","FLASH DIRECCIONAL","FLAS DIRECCIONAL",2,"UND",275,550]
["2016-02-09","GALLETA ( 305 )","GALLETA.","GALLETA MACHO",2,"UND",3050.4484200000002,6100.8968400000003]
["2016-02-09","GOMAS ( 61 )","7001612","GOMAS 700X16 12 LONAS",4,"UND",7425.3505999999998,29701.402399999999]
["2016-02-09","JUNTA DEL KRANK ( 478 )","JUNTA DEL KRANK","JUNTA DEL KRANK",1,"UND",6703.5564000000004,6703.5564000000004]
["2016-02-09","MANGUERAS ( 36 )","MANGUERA.","MANGUERA HIDRAULICA",2,"UND",3543.2699400000001,7086.5398800000003]
["2016-02-09","OTROS ( 5 )","BFTN","BOMBA FRENO TRASERO N.C.1993",1,"UND",6490,6490]
["2016-02-09","OTROS ( 5 )","AB 2 1/2","ABRAZADERA 2 1/2",4,"UND",97.94,391.76]
["2016-02-09","OTROS ( 5 )","AB1/2","ABRAZADERA 1/2",2,"UND",80.239999999999995,160.47999999999999]
["2016-02-09","OTROS ( 5 )","AB2","ABRAZADERA 2",9,"UND",87.32,785.87999999999988]
["2016-02-09","OTROS ( 5 )","AR15","AROS RASTRA #15",2,"UND",8250,16500]
["2016-02-09","OTROS ( 5 )","ASIENT TRA  TS-120","ASIENTO TRA TS-120",1,"UND",9322,9322]
["2016-02-09","OTROS ( 5 )","B12V21W","BOMBILLOS 12V 21W",14,"UND",593.70519999999999,8311.8727999999992]
["2016-02-09","OTROS ( 5 )","BBE.","BUSHING BARRA ESTAB. L200",2,"UND",960,1920]
["2016-02-09","OTROS ( 5 )","BC..","BABIT CIG TD27 QD32 STD TAHO",1,"UND",1974.9659999999999,{"$f":"+G108*E108","v":1974.9659999999999}]
["2016-02-09","OTROS ( 5 )","BCA","BUSHING CATRE ABAJO L200",2,"UND",960,1920]
["2016-02-09","OTROS ( 5 )","BCA,","BUSHING CATRE ARRIBA L200",2,"UND",960,1920]
["2016-02-09","OTROS ( 5 )","BCTD27","BABIT CIG STD TD27 QD32 NDC",1,"UND",950.00620000000004,950.00620000000004]
["2016-02-09","OTROS ( 5 )","BFCDD","BANDA FRENO COMP. D.D.2006",2,"UND",3600.0030000000002,7200.0060000000003]
["2016-02-09","OTROS ( 5 )","BFCHC","BANDA FRENO COMP. H.C. MOD.2002",2,"UND",3649.9760000000001,7299.9520000000002]
["2016-02-09","OTROS ( 5 )","BFCM","BANDA FRENO COMP. M. MOD.2002",2,"UND",3799.9882200000002,7599.9764400000004]
["2016-02-09","OTROS ( 5 )","BFCNF","BANDA FRENO COMP. N.F. MOD.2005",1,"UND",1850.0039999999999,1850.0039999999999]
["2016-02-09","OTROS ( 5 )","BHM","BUSHING HOJA MUELLE L200",3,"UND",960,2880]
["2016-02-09","OTROS ( 5 )","CBX46","CORREA B X 46",1,"UND",1546,1546]
["2016-02-09","OTROS ( 5 )","CDD.","CASQUILLO DAH.DELANTERO",1,"UND",1500,1500]
["2016-02-09","OTROS ( 5 )","CDEL","CRUCETA DELTA",4,"UND",1064.9972,4259.9888000000001]
["2020-01-31","OTROS ( 5 )","CR,","COLLARINGN RASA",1,"UND",1650.0057999999999,1650.0057999999999]
["2020-01-31","OTROS ( 5 )","CT,.","CORREA TRACTOR",1,"UND",2891,2891]
["2020-01-31","OTROS ( 5 )","DES","DESGONCE",1,"UND",8966.92,8966.92]
["2020-01-31","OTROS ( 5 )","DR26","DISCO RASTRA 26",2,"UND",3000,6000]
["2020-01-31","OTROS ( 5 )","FA. 1714","FILTRO AIRE LAF 1714",2,"UND",800,1600]
["2020-01-31","OTROS ( 5 )","FA.BT8420","FILTRO ACEITE BT 8420",2,"UND",670,1340]
["2020-01-31","OTROS ( 5 )","FA9275","FILTRO AIRE 9275",2,"UND",1315.95461,2631.90922]
["2020-01-31","OTROS ( 5 )","FA9276,","FILTRO AIRE 9276",2,"UND",1111.56,2223.12]
["2020-01-31","OTROS ( 5 )","FAL3321","FILTRO ACEITE L3321",1,"UND",380,380]
["2020-01-31","OTROS ( 5 )","FAM","FILTRO ACEITE MITS. 1500A098",7,"UND",1029.55,7206.8499999999995]
["2020-01-31","OTROS ( 5 )","FAM,","FILTRO AIRE MITSUBISHI",5,"UND",701.39200000000005,3506.96]
["2020-01-31","OTROS ( 5 )","FAP,","FILTRO AIRE PR. A5540",2,"UND",4484,8968]
["2020-01-31","OTROS ( 5 )","FAPA2431","FILTRO AIRE PA 2431",1,"UND",1300,1300]
["2020-01-31","OTROS ( 5 )","FH3373K","FILTRO HID. 3373K758-AA",4,"UND",3000,12000]
["2020-01-31","OTROS ( 5 )","FPA","FILTRO PEQ. AIRE GOLD",1,"UND",800,800]
["2020-01-31","OTROS ( 5 )","FUS10","FUSIBLE 10",2,"UND",33.04,66.08]
["2020-01-31","OTROS ( 5 )","FUS15","FUSIBLE 15",7,"UND",44.84,313.88]
["2020-01-31","OTROS ( 5 )","FUS20","FUSIBLE 20",4,"UND",90.623999999999995,362.49599999999998]
["2020-01-31","OTROS ( 5 )","FUS30","FUSIBLE 30",1,"UND",67.260000000000005,67.260000000000005]
["2020-01-31","OTROS ( 5 )","G.700R16","GOMAS 700R16",16,"UND",11044.8,176716.79999999999]
["2020-01-31","OTROS ( 5 )","G245-70R16","GOMAS 245-70R16",4,"UND",10513.8,{"$f":"+G140*E140","v":42055.199999999997}]
["2020-01-31","OTROS ( 5 )","JALON","JALON",1,"UND",9800,9800]
["2020-01-31","OTROS ( 5 )","JBFTN","JUEGO BANDA FRENO TRAS.N.C.1993",2,"UND",3900.0003000000002,7800.0006000000003]
["2020-01-31","OTROS ( 5 )","JJQD32","JUEGO JUNTA QD32",1,"UND",3950.0028000000002,3950.0028000000002]
["2020-01-31","OTROS ( 5 )","KBKM","KOMBAT BRAKET BANDA MIST. C.",1,"UND",800,800]
["2020-01-31","OTROS ( 5 )","KSCT","KIT SELLO Y CASQUILLO TRANSM.",1,"UND",4098.6592000000001,4098.6592000000001]
["2020-01-31","OTROS ( 5 )","LV16","LIMPIA VIDRIO 16",3,"UND",570.17600000000004,1710.5280000000002]
["2020-01-31","OTROS ( 5 )","LV18","LIMPIA VIDRIO 18",4,"UND",570.17600000000004,2280.7040000000002]
["2020-01-31","OTROS ( 5 )","LV19","LIMPIA VIDRIO 19",1,"UND",570.17600000000004,570.17600000000004]
["2020-01-31","OTROS ( 5 )","MR.","MANGUERA RADIADOR 188286-C",1,"UND",530,530]
["2020-01-31","OTROS ( 5 )","MRAST","MANGUERA RASTRA COVALTA",2,"UND",10502,21004]
["2020-01-31","OTROS ( 5 )","MRU","MANGUERA RASTRA USATEK 1/2",1,"UND",10500,10500]
["2020-01-31","OTROS ( 5 )","PL7","PANTALLA LED 7",2,"UND",1350.0026,2700.0052000000001]
["2020-01-31","OTROS ( 5 )","PWD-40","PENETRANTE WD-40 6.6 OE",7,"UND",263.7654,1846.3578]
["2020-01-31","OTROS ( 5 )","R.67010","ROLLBEARING 67010",1,"UND",780,780]
["2020-01-31","OTROS ( 5 )","R29685/20","ROLLBEARING N.29685/20",1,"UND",550,550]
["2020-01-31","OTROS ( 5 )","RNFD722","RADIADOR N.F. D722 DIESEL",1,"UND",8500.0002000000004,8500.0002000000004]
["2021-04-30","OTROS ( 5 )","RPDT","RETENEDORA PIÑA DELANT. T. TS-120",1,"UND",1800,1800]
["2021-04-30","OTROS ( 5 )","STM","SELLO TRASERO MOTOR",1,"UND",2342.5477999999998,2342.5477999999998]
["2021-04-30","OTROS ( 5 )","TA.85W-140","TANQUE AC. 85W-140",2,"UND",38822,77644]
["2021-04-30","OTROS ( 5 )","TBP,","TAZA BOLA DE LA PIÑA RAST. 6306",1,"UND",2000,2000]
["2021-06-30","OTROS ( 5 )","TCO,","TAPON COMBUSTIBLE",1,"UND",3610.8,3610.8]
["2021-06-30","OTROS ( 5 )","TERM.H.","TERMINALES HEMBRA 10",50,"UND",170.17959999999999,8508.98]
["2021-06-30","OTROS ( 5 )","TGP","TANQUE GRASA PESADA 15/40",1,"UND",49767.467600000004,49767.467600000004]
["2021-06-30","OTROS ( 5 )","TTDT.","TAZA TREN DELANT. TR.TS-6000",1,"UND",2000,2000]
["2021-06-30","PLUG DE RELAY ( 66 )","PLUG BOMBILLO H4","PLUG BOMILLO H4",1,"UND",40,40]
["2021-06-30","RELOJ TABLERO ( 158 )","RELOJ K300-465","RELOJ PRESION ACEITE",1,"UND",750,750]
["2021-06-30","RELOJ TABLERO ( 158 )","RELOJ K300-478","RELOJ GENERACION TRACTORES",1,"UND",400,400]
["2021-06-30","REPARACION ( 160 )","RBINH","REP. BOMBA INYECTORA NH",1,"UND",66080,66080]
["2021-06-30","REPARACION ( 160 )","RFHC","REP. FRENO HYUNDAY C.",1,"UND",39733.514600000002,39733.514600000002]
["2021-06-30","REPARACION ( 160 )","RFMC","REP. FRENO MISTSUBISHI L200",1,"UND",42244.059000000001,42244.059000000001]
["2021-06-30","REPARACION ( 160 )","RFNF","REP. FRENO NISSAN F.",1,"UND",38059.165399999998,38059.165399999998]
["2021-06-30","REPARACION ( 160 )","RRPLE","REP. RADIADOR PLANTA ELECT.",1,"UND",47200,{"$f":"+G172*E172","v":47200}]
["2021-06-30","REPARACION ( 160 )","RTM","REP. TRANSMISION MITS.",1,"UND",75000.003500000006,75000.003500000006]
["2021-06-30","ROBERI ( 72 )","ROLBEARING 32208M","ROLBEARING TIMKIN 32208",7,"UND",1038,7266]
["2021-06-30","ROBERI ( 72 )","ROLBEARING 33207.A","ROLBEARING SNR 33207.A",2,"UND",550,1100]
["2021-06-30","ROBERI ( 72 )","ROLBEARING 6305.ZZ.J","ROLBEARING SNR 6305.ZZJR.",1,"UND",270,270]
["2021-06-30","ROBERI ( 72 )","ROLBEARING 802048","ROLBEARING FEDERAL MOGEL",1,"UND",916.66666999999995,916.66666999999995]
["2021-06-30","ROBERI ( 72 )","ROLBEARING LM67048/1","ROLBEARING KOYO LM67048/10",10,"UND",310,3100]
["2021-06-30","ROBERI ( 72 )","ROLBEARING M86649/10","ROLBEARING NBR M86649/10",2,"UND",550,1100]
["2021-06-30","ROLBEARING ( 193 )","ROL","ROLLBEARING 30210",1,"UND",2442.8123999999998,2442.8123999999998]
["2021-06-30","ROLBEARING ( 193 )","ROLLB","ROLLBEARING 12649",4,"UND",967.55555000000004,3870.2222000000002]
["2021-06-30","ROLBEARING ( 193 )","R3610","ROLLBERING 3610 PIÑA  D. T.",1,"UND",960,960]
["2021-06-30","ROLBEARING ( 193 )","RT6610","ROLBEARING 501349-10 T.6610",1,"UND",960,960]
["2021-06-30","ROLL BEARING PE PUNTA EJE ( 410 )","ROLL BEARIN PE PUN E","ROLL BEARIN PEQUEÑO PUNTA EJE",1,"1 KG",782.81,782.81]
["2021-06-30","ROLOS ( 59 )","ROLOS","ROLOS RASTRA",10,"UND",636.65124000000003,6366.5124000000005]
["2021-06-30","SELENOIDE ( 179 )","SELENOIDE","SELENOIDE",1,"UND",7811.6,7811.6]
["2021-06-30","SOPORTE CARDAN ( 359 )","SOPORTE CARDAN 1","SOPORTE CARDAN 1",1,"UND",2950,2950]
["2021-06-30","TANQUE ACEITE 20W50 ( 257 )","TANQUE ACEITE 20W50","TANQUE ACEITE 20W50",1,"UND",47642.5,47642.5]
["2021-06-30","TANQUE ACEITE 20W50 ( 257 )","TANQUE.","TANQ, ACEI HIDRAUL 68",2,"UND",32096,64192]
["2021-06-30","TERMINALES ( 157 )","TERMINALES #12","TERMINALES #12",32,"UND",5,160]
["2021-06-30","TERMINALES ( 157 )","TERMINALES #8","TERMINALES #8",51,"UND",5,255]
["2021-06-30","TERMINALES ( 157 )","TERMINALES NO.10","TERMINALES NO.10",14,"UND",4.5714300000000003,64.000020000000006]
["2021-06-30","TRANSMISION AUTOM. ( 602 )","CTA","CUBETA TRANSMISION AUT.",1,"UND",6667.59,6667.59]
["2021-06-30","TUBOS ( 52 )","70016","TUBOS 700X16 12 LONAS",1,"UND",779.29196999999999,779.29196999999999]
["TOTAL",null,null,null,null,null,null,{"$f":"SUM(H12:H194)","v":1337360.8594199999}]
[]
[]
[]
[]
[]
[]
[]
[]
[]
[]
[]
[]
[]
[]
[]
[]
[]
[]
[]
[]
["INSTITUTO DEL TABACO DE LA REPÚBLICA DOMINICANA"]
["INVENTARIO DE TALLER DE MECANICA"]
["MES DE MAYO 2022"]
[]
["Fecha de adquisición y/o registro","Artículo","Código institucional","Descripción artículo","Existencia","Unidad","Costo","Valor"]
[]
[]
[]
[]
["2015-10-20","BANDAS ( 78 )","BANDA T N","BANDAS TRACERA NISSAN",2,"UND",1300,{"$f":"+G225*E225","v":2600}]
["2015-10-20","BOMBILLOS ( 51 )","BOMBILLOS 1 CONTACT.","BOMBILLOS 12V 21W 1 CONTACTO",19,"UND",125,2375]
["2015-10-20","BOMBILLOS ( 51 )","BOMBILLOS H3 24V","BOMBILLOS H3 24V",2,"UND",225,450]
["2013-09-12","BOMBILLOS ( 51 )","BOMBILLOS H4","BOMBILLOS H4 24V TRACTORES",7,"UND",225,1575]
["2016-09-16","CAMISAS ( 43 )","CAMISAS MOTOR","CAMISAS MOTOR FORD 6610",4,"UND",1564.97,6259.88]
["2016-03-09","CANDADOS ( 54 )","C.T.E.R","CANDAD.TUERC.EJE RAST",6,"UND",3.8,22.799999999999997]
["2016-03-09","CORREAS ( 49 )","CORREA","CORREA AX41",2,"UND",799,1598]
["2015-04-23","CORREAS ( 49 )","CORREA 1737013A0940","CORREA 17070 13 A 0940",2,"UND",300,600]
["2015-04-23","CORREAS ( 49 )","CORREA A1046LD","CORREA OPTIBELT A1046LD",2,"UND",412,824]
["2015-04-23","CORREAS ( 49 )","CORREA DAYCO 17295","CORREA DAYCO 13A07501",1,"UND",262.5,262.5]
["2015-04-23","CORREAS ( 49 )","CORREA DAYCO 17350","CORREA 13 A 0890 17350",1,"UND",300,300]
["2014-02-03","CORREAS ( 49 )","CORREA.","CORREA AX49",1,"UND",1205.96,1205.96]
["2016-03-14","CORREAS ( 49 )","CORREA...","CORREA AX52",1,"UND",1738.14,1738.14]
["2016-03-14","CORREAS ( 49 )","CORREAS 17515","CORREAS 17575",2,"UND",250,500]
["2016-03-14","CORREAS ( 49 )","CORREAS 5425","CORREAS 15425",1,"UND",200,200]
["2016-03-14","CORREAS ( 49 )","CORREAS AX53","CORREAS HERCULES AX53",3,"UND",400,1200]
["2016-03-14","CRUCETAS ( 47 )","CRUCETA GMB","CRUCETA GMB",3,"UND",475,1425]
["2016-03-14","FILTRO ( 466 )","F A","FILTRO AIRE 16546-T3400",4,"UND",304,1216]
["2016-03-14","FILTRO ( 466 )","F A  W962","FILTRO ACEITE MAN W962 TS-120",1,"UND",666.99769000000003,666.99769000000003]
["2016-03-14","FILTRO ( 466 )","F, A","FILTRO AIRE A5005",4,"UND",799.44203000000005,3197.7681200000002]
["2016-03-14","FILTRO ( 466 )","F,A.","FILTRO AIRE 87344135",2,"UND",604.01197999999999,1208.02396]
["2016-03-14","FILTRO ( 466 )","FA,,","FILTRO AIRE 87344136",2,"UND",475.56049999999999,951.12099999999998]
["2016-03-14","FILTRO ( 466 )","FA. J5570","FILTRO AIRE 16546-J5570",3,"UND",542.79999999999995,1628.3999999999999]
["2016-03-14","FILTRO ( 466 )","FA1172","FILTRO AIRE 117200090150",10,"UND",1587.1,15871]
["2016-03-14","FILTRO ( 466 )","FA170801","FILTRO AIRE MIT. DAH. 17801-87303",4,"UND",941.64,3766.56]
["2018-04-10","FILTRO ( 466 )","FAA5541","FILTRO AIRE 46562 A5541",3,"UND",1652,4956]
["2016-10-25","FILTRO ( 466 )","FAAD56","FILTRO ACEITE 4D56 AD-51343",10,"UND",354,3540]
["2016-10-25","FILTRO ( 466 )","FAB7179","FILTRO ACEITE B-7179",7,"UND",531,3717]
["2016-10-25","FILTRO ( 466 )","FABT1600","FILTRO ACEITE BT 838257421PF1600",3,"UND",2883.92,8651.76]
["2016-03-09","FILTRO ( 466 )","FABT9471","FILTRO ACEITE BT-9471",8,"UND",1204.78,9638.24]
["2017-03-09","FILTRO ( 466 )","FAC,","FILTRO AIRE CANTER ME017242",3,"UND",767,2301]
["2017-03-09","FILTRO ( 466 )","FAC71791","FILTRO ACEITE CAMION M. 51791",6,"UND",472,2832]
["2017-03-09","FILTRO ( 466 )","FACAN","FILTRO AIRE CANTER",5,"UND",767,{"$f":"+G257*E257","v":3835}]
["2017-09-17","FILTRO ( 466 )","FAD.","FILTRO AIRE DAH.178001-87003",5,"UND",960.52,4802.6000000000004]
["2017-09-17","FILTRO ( 466 )","FAFD22","FILTRO AIRE F.D22QD32VM00A",1,"UND",236,236]
["2016-02-09","FILTRO ( 466 )","FAJCB","FILTRO AIRE JCB 49275 549275",2,"UND",3098.68,6197.36]
["2016-02-09","FILTRO ( 466 )","FAMO","FILTRO AIRE MOTERO 01",3,"UND",1003,3009]
["2017-01-24","FILTRO ( 466 )","FANF","FILTRO AIRE NISSAN F. 16546-25601",2,"UND",2500,5000]
["2016-02-09","FILTRO ( 466 )","FANH","FILTRO ACEITE N.H.57794 BT8899",6,"UND",2200.6999999999998,13204.199999999999]
["2016-02-09","FILTRO ( 466 )","FAPH36A","FILTRO ACEITE PH36A",6,"UND",295,1770]
["2016-02-09","FILTRO ( 466 )","FAUA5540","FILTRO AIRE UNIV 46569 A5540",3,"UND",708,2124]
["2016-02-09","FILTRO ( 466 )","FG FC-1022","FILTRO GASOIL FC-1022",3,"UND",313.88,941.64]
["2016-02-09","FILTRO ( 466 )","FG PS-6643","FILTRO GASOIL PS-6643",4,"UND",1085.0325,4340.13]
["2016-02-09","FILTRO ( 466 )","FG14B","FILTRO G.14B UNION 4053",5,"UND",188.8,944]
["2016-02-09","FILTRO ( 466 )","FG7934","FILTRO GASOIL FC-7934 REG2420",5,"UND",531,2655]
["2016-02-09","FILTRO ( 466 )","FGA,","FILTRO GASOIL FC1104",6,"UND",216.25488000000001,1297.5292800000002]
["2016-02-09","FILTRO ( 466 )","FGFORD","FILTRO GASOIL FORD73 33417",5,"UND",802.4,4012]
["2016-02-09","FILTRO ( 466 )","FGMF","FILTRO GASOIL M.F.6VT USA",11,"UND",295,3245]
["2016-02-09","FILTRO ( 466 )","FGMIT.","FILTRO GASOIL MIT.A-292",4,"UND",259.60000000000002,1038.4000000000001]
["2016-02-09","FILTRO ( 466 )","FGNTD27","FILTRO GASOIL N.TD27 FC-1806",4,"UND",236,944]
["2016-02-09","FILTRO ( 466 )","FIL A","FILTRO AIRE 16405-02N10",3,"UND",173.20414,519.61241999999993]
["2016-02-09","FILTRO ( 466 )","FL3321","FILTROS L3321",20,"UND",472,9440]
["2016-02-09","FILTROS DE ACEITE ( 33 )","F ACEI. LU.FINPH6715","FILTRO ACEITE LUB.FIN.PH6715 FORD 6610",5,"UND",379.31,1896.55]
["2016-02-09","FILTROS DE AIRE ( 32 )","F ACEI. WIX 51602","FILTRO ACEITE PLANTA CUMMINS",8,"UND",270,2160]
["2016-02-09","FILTROS DE AIRE ( 32 )","F ACEI.BALD.BD355","FILTRO ACEITE MITSUBISHI",3,"UND",410,1230]
["2016-02-09","FILTROS DE AIRE ( 32 )","F ACEI.FLET.G.LF3345","FILTRO ACEITE PLANT.CUMMINS",1,"UND",256.35199999999998,256.35199999999998]
["2016-02-09","FILTROS DE AIRE ( 32 )","F ACEI.WIX 51607","FILTRO ACEITE PLANT.CUMINS",5,"UND",125,625]
["2017-10-05","FILTROS DE AIRE ( 32 )","F GAS 23390-64480","FILTRO GS.TANAKA PRADO",2,"UND",521,1042]
["2017-03-09","FILTROS DE AIRE ( 32 )","F GAS. 23390-OL010","FILTRO GASOIL HILUX",2,"UND",290,580]
["2017-03-09","FILTROS DE AIRE ( 32 )","F GAS. BALD.BF1205-S","FILTRO GASOIL NEW.HOL.6000",7,"UND",917.29304000000002,6421.0512799999997]
["2017-03-09","FILTROS DE AIRE ( 32 )","F GAS. BALD.P7088","FILTRO GASOIL PLANT. CATERP.",5,"UND",420,2100]
["2017-03-09","FILTROS DE AIRE ( 32 )","F GAS. BALDWIN FP-10","FILTRO GASOIL PLANT. CATERP.",3,"UND",241,723]
["2017-03-09","FILTROS DE AIRE ( 32 )","F GAS. LFF-8930","FILTRO GASOIL TOYOTA RUNNER",6,"UND",521,3126]
["2017-03-09","FILTROS DE AIRE ( 32 )","F GAS. WIX 33138","FILTRO GASOIL TOYOTA",3,"UND",236,708]
["2016-02-09","FILTROS DE AIRE ( 32 )","F GAS. WIX 33196","FILTRO GASOIL NEW HOL. TS120",1,"UND",742,{"$f":"+G289*E289","v":742}]
["2016-02-09","FILTROS DE AIRE ( 32 )","F GAS. WIX 33352","FILTRO GASOIL PLANTA CATERP.",4,"UND",330,1320]
["2016-02-09","FILTROS DE AIRE ( 32 )","F GAS. WIX 33386","FILTRO GASOIL CAMION CANTER",2,"UND",397,794]
["2016-02-09","FILTROS DE AIRE ( 32 )","F GAS.33239","FILTRO GASOIL INTERN.Y/O COMASU",8,"UND",267,2136]
["2016-02-09","FILTROS DE AIRE ( 32 )","F GAS.BALD.BF7532","FILTRO GASOIL NISSAN CIVILIAN",2,"UND",367,734]
["2016-02-09","FILTROS DE AIRE ( 32 )","F GAS.LUB.F.FP-941F","FILTRO G. MITS. 5103-0015",2,"UND",312,624]
["2016-02-09","FILTROS DE AIRE ( 32 )","F HID.F.G.51712","FILTRO HIDRAU. NISSAN FRONTIER",2,"UND",669,1338]
["2016-02-09","FILTROS DE AIRE ( 32 )","F HID.WIX 51791","FILTRO HIDRAUL. PLANTA CATERP.",1,"UND",330,330]
["2016-02-09","FILTROS DE AIRE ( 32 )","FA. 52087","FILTRO AIRE PUROL.PLANTA CATERPILAR",4,"UND",1900,7600]
["2016-02-09","FILTROS DE AIRE ( 32 )","FA. CA1588SY FORD","FILTRO AIRE FORD 6610",3,"UND",1136.5,3409.5]
["2016-02-09","FILTROS DE AIRE ( 32 )","FA. LAF 1741","FILTRO  AIRE TRACTOR YANMAR",2,"UND",2035,4070]
["2016-02-09","FILTROS DE AIRE ( 32 )","FA. N/R","FILTRO AIRE N/R PLANTA CUMINGS",2,"UND",1002,2004]
["2016-02-09","FILTROS DE AIRE ( 32 )","FA. PA2432  FORD","FILTRO AIRE FORD 6610",3,"UND",997,2991]
["2016-02-09","FILTROS DE AIRE ( 32 )","FA. PA2845","FILTRO AIRE BALD. FORD 6610",1,"UND",1345,1345]
["2016-02-09","FILTROS DE AIRE ( 32 )","FA. WIX 42852","FILTRO AIRE PLANTA CATERPILAR",3,"UND",1895,5685]
["2016-02-09","FILTROS DE AIRE ( 32 )","FA.17801-0C010","FILTRO AIRE HILUX",2,"UND",305,610]
["2016-02-09","FILTROS DE AIRE ( 32 )","FA.17801-56010","FILTRO AIRE CAMION DAIHATSU",2,"UND",455,910]
["2016-02-09","FILTROS DE GASOIL ( 34 )","F GAS 16405-01170","FILTRO GAS SAKURA 16405-01170 NISSAN",1,"UND",622.85,622.85]
["2016-02-09","FLASH ( 63 )","FLASH DIRECCIONAL","FLAS DIRECCIONAL",2,"UND",275,550]
["2016-02-09","GALLETA ( 305 )","GALLETA.","GALLETA MACHO",2,"UND",3050.4484200000002,6100.8968400000003]
["2016-02-09","GOMAS ( 61 )","7001612","GOMAS 700X16 12 LONAS",2,"UND",7425.3505999999998,14850.7012]
["2016-02-09","JUNTA DEL KRANK ( 478 )","JUNTA DEL KRANK","JUNTA DEL KRANK",1,"UND",6703.5564000000004,6703.5564000000004]
["2016-02-09","MANGUERAS ( 36 )","MANGUERA.","MANGUERA HIDRAULICA",2,"UND",3543.2699400000001,7086.5398800000003]
["2016-02-09","OTROS ( 5 )","BFTN","BOMBA FRENO TRASERO N.C.1993",1,"UND",6490,6490]
["2016-02-09","OTROS ( 5 )","AB 2 1/2","ABRAZADERA 2 1/2",4,"UND",97.94,391.76]
["2016-02-09","OTROS ( 5 )","AB1/2","ABRAZADERA 1/2",2,"UND",80.239999999999995,160.47999999999999]
["2016-02-09","OTROS ( 5 )","AB2","ABRAZADERA 2",9,"UND",87.32,785.87999999999988]
["2016-02-09","OTROS ( 5 )","AR15","AROS RASTRA #15",2,"UND",8250,16500]
["2016-02-09","OTROS ( 5 )","ASIENT TRA  TS-120","ASIENTO TRA TS-120",1,"UND",9322,9322]
["2016-02-09","OTROS ( 5 )","B12V21W","BOMBILLOS 12V 21W",14,"UND",593.70519999999999,8311.8727999999992]
["2016-02-09","OTROS ( 5 )","BBE.","BUSHING BARRA ESTAB. L200",2,"UND",960,1920]
["2016-02-09","OTROS ( 5 )","BC..","BABIT CIG TD27 QD32 STD TAHO",1,"UND",1974.9659999999999,1974.9659999999999]
["2016-02-09","OTROS ( 5 )","BCA","BUSHING CATRE ABAJO L200",2,"UND",960,{"$f":"+G321*E321","v":1920}]
["2016-02-09","OTROS ( 5 )","BCA,","BUSHING CATRE ARRIBA L200",2,"UND",960,1920]
["2016-02-09","OTROS ( 5 )","BCTD27","BABIT CIG STD TD27 QD32 NDC",1,"UND",950.00620000000004,950.00620000000004]
["2016-02-09","OTROS ( 5 )","BFCDD","BANDA FRENO COMP. D.D.2006",2,"UND",3600.0030000000002,7200.0060000000003]
["2016-02-09","OTROS ( 5 )","BFCHC","BANDA FRENO COMP. H.C. MOD.2002",2,"UND",3649.9760000000001,7299.9520000000002]
["2016-02-09","OTROS ( 5 )","BFCM","BANDA FRENO COMP. M. MOD.2002",2,"UND",3799.9882200000002,7599.9764400000004]
["2016-02-09","OTROS ( 5 )","BFCNF","BANDA FRENO COMP. N.F. MOD.2005",1,"UND",1850.0039999999999,1850.0039999999999]
["2016-02-09","OTROS ( 5 )","BHM","BUSHING HOJA MUELLE L200",3,"UND",960,2880]
["2016-02-09","OTROS ( 5 )","CBX46","CORREA B X 46",1,"UND",1546,1546]
["2016-02-09","OTROS ( 5 )","CDD.","CASQUILLO DAH.DELANTERO",1,"UND",1500,1500]
["2016-02-09","OTROS ( 5 )","CDEL","CRUCETA DELTA",4,"UND",1064.9972,4259.9888000000001]
["2016-02-09","OTROS ( 5 )","CR,","COLLARINGN RASA",1,"UND",1650.0057999999999,1650.0057999999999]
["2020-01-31","OTROS ( 5 )","CT,.","CORREA TRACTOR",1,"UND",2891,2891]
["2020-01-31","OTROS ( 5 )","DES","DESGONCE",1,"UND",8966.92,8966.92]
["2020-01-31","OTROS ( 5 )","DR26","DISCO RASTRA 26",2,"UND",3000,6000]
["2020-01-31","OTROS ( 5 )","FA. 1714","FILTRO AIRE LAF 1714",2,"UND",800,1600]
["2020-01-31","OTROS ( 5 )","FA.BT8420","FILTRO ACEITE BT 8420",2,"UND",670,1340]
["2020-01-31","OTROS ( 5 )","FA9275","FILTRO AIRE 9275",2,"UND",1315.95461,2631.90922]
["2020-01-31","OTROS ( 5 )","FA9276,","FILTRO AIRE 9276",2,"UND",1111.56,2223.12]
["2020-01-31","OTROS ( 5 )","FAM","FILTRO ACEITE MITS. 1500A098",7,"UND",1029.55,7206.8499999999995]
["2020-01-31","OTROS ( 5 )","FAM,","FILTRO AIRE MITSUBISHI",5,"UND",701.39200000000005,3506.96]
["2020-01-31","OTROS ( 5 )","FAP,","FILTRO AIRE PR. A5540",2,"UND",4484,8968]
["2020-01-31","OTROS ( 5 )","FAPA2431","FILTRO AIRE PA 2431",1,"UND",1300,1300]
["2020-01-31","OTROS ( 5 )","FH3373K","FILTRO HID. 3373K758-AA",4,"UND",3000,12000]
["2020-01-31","OTROS ( 5 )","FPA","FILTRO PEQ. AIRE GOLD",1,"UND",800,800]
["2020-01-31","OTROS ( 5 )","FUS10","FUSIBLE 10",2,"UND",33.04,66.08]
["2020-01-31","OTROS ( 5 )","FUS15","FUSIBLE 15",5,"UND",44.84,224.20000000000002]
["2020-01-31","OTROS ( 5 )","FUS20","FUSIBLE 20",4,"UND",90.623999999999995,362.49599999999998]
["2020-01-31","OTROS ( 5 )","FUS30","FUSIBLE 30",1,"UND",67.260000000000005,67.260000000000005]
["2020-01-31","OTROS ( 5 )","G.700R16","GOMAS 700R16",16,"UND",11044.8,176716.79999999999]
["2020-01-31","OTROS ( 5 )","G245-70R16","GOMAS 245-70R16",4,"UND",10513.8,42055.199999999997]
["2020-01-31","OTROS ( 5 )","JALON","JALON",1,"UND",9800,9800]
["2020-01-31","OTROS ( 5 )","JBFTN","JUEGO BANDA FRENO TRAS.N.C.1993",2,"UND",3900.0003000000002,{"$f":"+G353*E353","v":7800.0006000000003}]
["2020-01-31","OTROS ( 5 )","JJQD32","JUEGO JUNTA QD32",1,"UND",3950.0028000000002,3950.0028000000002]
["2020-01-31","OTROS ( 5 )","KBKM","KOMBAT BRAKET BANDA MIST. C.",1,"UND",800,800]
["2020-01-31","OTROS ( 5 )","KSCT","KIT SELLO Y CASQUILLO TRANSM.",1,"UND",4098.6592000000001,4098.6592000000001]
["2020-01-31","OTROS ( 5 )","LV16","LIMPIA VIDRIO 16",3,"UND",570.17600000000004,1710.5280000000002]
["2020-01-31","OTROS ( 5 )","LV18","LIMPIA VIDRIO 18",4,"UND",570.17600000000004,2280.7040000000002]
["2020-01-31","OTROS ( 5 )","LV19","LIMPIA VIDRIO 19",1,"UND",570.17600000000004,570.17600000000004]
["2020-01-31","OTROS ( 5 )","MR.","MANGUERA RADIADOR 188286-C",1,"UND",530,530]
["2020-01-31","OTROS ( 5 )","MRAST","MANGUERA RASTRA COVALTA",2,"UND",10502,21004]
["2020-01-31","OTROS ( 5 )","MRU","MANGUERA RASTRA USATEK 1/2",1,"UND",10500,10500]
["2020-01-31","OTROS ( 5 )","PL7","PANTALLA LED 7",2,"UND",1350.0026,2700.0052000000001]
["2020-01-31","OTROS ( 5 )","PWD-40","PENETRANTE WD-40 6.6 OE",5,"UND",263.7654,1318.827]
["2020-01-31","OTROS ( 5 )","R.67010","ROLLBEARING 67010",1,"UND",780,780]
["2020-01-31","OTROS ( 5 )","R29685/20","ROLLBEARING N.29685/20",1,"UND",550,550]
["2020-01-31","OTROS ( 5 )","RPDT","RETENEDORA PIÑA DELANT. T. TS-120",1,"UND",1800,1800]
["2020-01-31","OTROS ( 5 )","STM","SELLO TRASERO MOTOR",1,"UND",2342.5477999999998,2342.5477999999998]
["2020-01-31","OTROS ( 5 )","TA.85W-140","TANQUE AC. 85W-140",2,"UND",38822,77644]
["2020-01-31","OTROS ( 5 )","TBP,","TAZA BOLA DE LA PIÑA RAST. 6306",1,"UND",2000,2000]
["2020-01-31","OTROS ( 5 )","TCO,","TAPON COMBUSTIBLE",1,"UND",3610.8,3610.8]
["2020-01-31","OTROS ( 5 )","TERM.H.","TERMINALES HEMBRA 10",50,"UND",170.17959999999999,8508.98]
["2020-01-31","OTROS ( 5 )","TGP","TANQUE GRASA PESADA 15/40",1,"UND",49767.467600000004,49767.467600000004]
["2020-01-31","OTROS ( 5 )","TTDT.","TAZA TREN DELANT. TR.TS-6000",1,"UND",2000,2000]
["2020-01-31","PLUG DE RELAY ( 66 )","PLUG BOMBILLO H4","PLUG BOMILLO H4",1,"UND",40,40]
["2020-01-31","RELOJ TABLERO ( 158 )","RELOJ K300-465","RELOJ PRESION ACEITE",1,"UND",750,750]
["2020-01-31","RELOJ TABLERO ( 158 )","RELOJ K300-478","RELOJ GENERACION TRACTORES",1,"UND",400,400]
["2020-01-31","ROBERI ( 72 )","ROLBEARING 32208M","ROLBEARING TIMKIN 32208",7,"UND",1038,7266]
["2020-01-31","ROBERI ( 72 )","ROLBEARING 33207.A","ROLBEARING SNR 33207.A",2,"UND",550,1100]
["2020-01-31","ROBERI ( 72 )","ROLBEARING 6305.ZZ.J","ROLBEARING SNR 6305.ZZJR.",1,"UND",270,270]
["2020-01-31","ROBERI ( 72 )","ROLBEARING 802048","ROLBEARING FEDERAL MOGEL",1,"UND",916.66666999999995,916.66666999999995]
["2020-01-31","ROBERI ( 72 )","ROLBEARING LM67048/1","ROLBEARING KOYO LM67048/10",10,"UND",310,3100]
["2020-01-31","ROBERI ( 72 )","ROLBEARING M86649/10","ROLBEARING NBR M86649/10",2,"UND",550,1100]
["2020-01-31","ROLBEARING ( 193 )","ROL","ROLLBEARING 30210",1,"UND",2442.8123999999998,2442.8123999999998]
["2020-01-31","ROLBEARING ( 193 )","ROLLB","ROLLBEARING 12649",4,"UND",967.55555000000004,{"$f":"+G385*E385","v":3870.2222000000002}]
["2020-01-31","ROLBEARING ( 193 )","R3610","ROLLBERING 3610 PIÑA  D. T.",1,"UND",960,960]
["2020-01-31","ROLBEARING ( 193 )","RT6610","ROLBEARING 501349-10 T.6610",1,"UND",960,960]
["2020-01-31","ROLL BEARING PE PUNTA EJE ( 410 )","ROLL BEARIN PE PUN E","ROLL BEARIN PEQUEÑO PUNTA EJE",1,"1 KG",782.81,782.81]
["2020-01-31","ROLOS ( 59 )","ROLOS","ROLOS RASTRA",10,"UND",636.65124000000003,6366.5124000000005]
["2020-01-31","SELENOIDE ( 179 )","SELENOIDE","SELENOIDE",1,"UND",7811.6,7811.6]
["2020-01-31","SOPORTE CARDAN ( 359 )","SOPORTE CARDAN 1","SOPORTE CARDAN 1",1,"UND",2950,2950]
["2020-01-31","TANQUE ACEITE 20W50 ( 257 )","TANQUE ACEITE 20W50","TANQUE ACEITE 20W50",1,"UND",47642.5,47642.5]
["2020-01-31","TANQUE ACEITE 20W50 ( 257 )","TANQUE.","TANQ, ACEI HIDRAUL 68",1,"UND",32096,32096]
["2020-01-31","TERMINALES ( 157 )","TERMINALES #12","TERMINALES #12",32,"UND",5,160]
["2020-01-31","TERMINALES ( 157 )","TERMINALES #8","TERMINALES #8",51,"UND",5,255]
["2020-01-31","TERMINALES ( 157 )","TERMINALES NO.10","TERMINALES NO.10",14,"UND",4.5714300000000003,64.000020000000006]
["2020-01-31","TRANSMISION AUTOM. ( 602 )","CTA","CUBETA TRANSMISION AUT.",1,"UND",6667.59,6667.59]
["2020-01-31","TUBOS ( 52 )","70016","TUBOS 700X16 12 LONAS",1,"UND",779.29196999999999,779.29196999999999]
["TOTAL",null,null,null,null,null,null,{"$f":"SUM(H225:H398)","v":960436.01719000004}]
[]
[]
[]
[]
[]
[]
[]
[]
[]
[]
[]
[]
[]
[]
[]
[]
[]
[]
[]
[]
[]
[]
[]
[]
[]
[]
[]
[]
[]
[]
[]
["INSTITUTO DEL TABACO DE LA REPÚBLICA DOMINICANA"]
["INVENTARIO DE TALLER DE MECANICA"]
["MES DE JUNIO 2022"]
[]
["Fecha de adquisición y/o registro","Artículo","Código institucional","Descripción artículo","Existencia","Unidad","Costo","Valor"]
[]
[]
[]
[]
["2015-10-20","BANDAS ( 78 )","BANDA T N","BANDAS TRACERA NISSAN",2,"UND",1300,{"$f":"+G440*E440","v":2600}]
["2015-10-20","BOMBILLOS ( 51 )","BOMBILLOS 1 CONTACT.","BOMBILLOS 12V 21W 1 CONTACTO",19,"UND",125,2375]
["2015-10-20","BOMBILLOS ( 51 )","BOMBILLOS H3 24V","BOMBILLOS H3 24V",2,"UND",225,450]
["2013-09-12","BOMBILLOS ( 51 )","BOMBILLOS H4","BOMBILLOS H4 24V TRACTORES",7,"UND",225,1575]
["2016-09-16","CAMISAS ( 43 )","CAMISAS MOTOR","CAMISAS MOTOR FORD 6610",4,"UND",1564.97,6259.88]
["2016-03-09","CANDADOS ( 54 )","C.T.E.R","CANDAD.TUERC.EJE RAST",6,"UND",3.8,22.799999999999997]
["2016-03-09","CORREAS ( 49 )","CORREA","CORREA AX41",2,"UND",799,1598]
["2015-04-23","CORREAS ( 49 )","CORREA 1737013A0940","CORREA 17070 13 A 0940",2,"UND",300,600]
["2015-04-23","CORREAS ( 49 )","CORREA A1046LD","CORREA OPTIBELT A1046LD",2,"UND",412,824]
["2015-04-23","CORREAS ( 49 )","CORREA DAYCO 17295","CORREA DAYCO 13A07501",1,"UND",262.5,262.5]
["2015-04-23","CORREAS ( 49 )","CORREA DAYCO 17350","CORREA 13 A 0890 17350",1,"UND",300,300]
["2014-02-03","CORREAS ( 49 )","CORREA.","CORREA AX49",1,"UND",1205.96,1205.96]
["2016-03-14","CORREAS ( 49 )","CORREA...","CORREA AX52",1,"UND",1738.14,1738.14]
["2016-03-14","CORREAS ( 49 )","CORREAS 17515","CORREAS 17575",2,"UND",250,500]
["2016-03-14","CORREAS ( 49 )","CORREAS 5425","CORREAS 15425",1,"UND",200,200]
["2016-03-14","CORREAS ( 49 )","CORREAS AX53","CORREAS HERCULES AX53",3,"UND",400,1200]
["2016-03-14","CRUCETAS ( 47 )","CRUCETA GMB","CRUCETA GMB",3,"UND",475,1425]
["2016-03-14","FILTRO ( 466 )","F A","FILTRO AIRE 16546-T3400",4,"UND",304,1216]
["2016-03-14","FILTRO ( 466 )","F A  W962","FILTRO ACEITE MAN W962 TS-120",1,"UND",666.99769000000003,666.99769000000003]
["2016-03-14","FILTRO ( 466 )","F, A","FILTRO AIRE A5005",4,"UND",799.44203000000005,3197.7681200000002]
["2016-03-14","FILTRO ( 466 )","F,A.","FILTRO AIRE 87344135",2,"UND",604.01197999999999,1208.02396]
["2016-03-14","FILTRO ( 466 )","FA,,","FILTRO AIRE 87344136",2,"UND",475.56049999999999,951.12099999999998]
["2016-03-14","FILTRO ( 466 )","FA. J5570","FILTRO AIRE 16546-J5570",3,"UND",542.79999999999995,1628.3999999999999]
["2016-03-14","FILTRO ( 466 )","FA1172","FILTRO AIRE 117200090150",10,"UND",1587.1,15871]
["2016-03-14","FILTRO ( 466 )","FA170801","FILTRO AIRE MIT. DAH. 17801-87303",4,"UND",941.64,3766.56]
["2018-04-10","FILTRO ( 466 )","FAA5541","FILTRO AIRE 46562 A5541",3,"UND",1652,4956]
["2016-10-25","FILTRO ( 466 )","FAAD56","FILTRO ACEITE 4D56 AD-51343",10,"UND",354,3540]
["2016-10-25","FILTRO ( 466 )","FAB7179","FILTRO ACEITE B-7179",7,"UND",531,3717]
["2016-10-25","FILTRO ( 466 )","FABT1600","FILTRO ACEITE BT 838257421PF1600",3,"UND",2883.92,8651.76]
["2016-03-09","FILTRO ( 466 )","FABT9471","FILTRO ACEITE BT-9471",8,"UND",1204.78,9638.24]
["2017-03-09","FILTRO ( 466 )","FAC,","FILTRO AIRE CANTER ME017242",3,"UND",767,2301]
["2017-03-09","FILTRO ( 466 )","FAC71791","FILTRO ACEITE CAMION M. 51791",6,"UND",472,2832]
["2017-03-09","FILTRO ( 466 )","FACAN","FILTRO AIRE CANTER",5,"UND",767,{"$f":"+G472*E472","v":3835}]
["2017-09-17","FILTRO ( 466 )","FAD.","FILTRO AIRE DAH.178001-87003",5,"UND",960.52,4802.6000000000004]
["2017-09-17","FILTRO ( 466 )","FAFD22","FILTRO AIRE F.D22QD32VM00A",1,"UND",236,236]
["2016-02-09","FILTRO ( 466 )","FAJCB","FILTRO AIRE JCB 49275 549275",2,"UND",3098.68,6197.36]
["2016-02-09","FILTRO ( 466 )","FAMO","FILTRO AIRE MOTERO 01",3,"UND",1003,3009]
["2017-01-24","FILTRO ( 466 )","FANF","FILTRO AIRE NISSAN F. 16546-25601",2,"UND",2500,5000]
["2016-02-09","FILTRO ( 466 )","FANH","FILTRO ACEITE N.H.57794 BT8899",6,"UND",2200.6999999999998,13204.199999999999]
["2016-02-09","FILTRO ( 466 )","FAPH36A","FILTRO ACEITE PH36A",6,"UND",295,1770]
["2016-02-09","FILTRO ( 466 )","FAUA5540","FILTRO AIRE UNIV 46569 A5540",3,"UND",708,2124]
["2016-02-09","FILTRO ( 466 )","FG FC-1022","FILTRO GASOIL FC-1022",3,"UND",313.88,941.64]
["2016-02-09","FILTRO ( 466 )","FG PS-6643","FILTRO GASOIL PS-6643",4,"UND",1085.0325,4340.13]
["2016-02-09","FILTRO ( 466 )","FG14B","FILTRO G.14B UNION 4053",5,"UND",188.8,944]
["2016-02-09","FILTRO ( 466 )","FG7934","FILTRO GASOIL FC-7934 REG2420",5,"UND",531,2655]
["2016-02-09","FILTRO ( 466 )","FGA,","FILTRO GASOIL FC1104",6,"UND",216.25488000000001,1297.5292800000002]
["2016-02-09","FILTRO ( 466 )","FGFORD","FILTRO GASOIL FORD73 33417",5,"UND",802.4,4012]
["2016-02-09","FILTRO ( 466 )","FGMF","FILTRO GASOIL M.F.6VT USA",11,"UND",295,3245]
["2016-02-09","FILTRO ( 466 )","FGMIT.","FILTRO GASOIL MIT.A-292",4,"UND",259.60000000000002,1038.4000000000001]
["2016-02-09","FILTRO ( 466 )","FGNTD27","FILTRO GASOIL N.TD27 FC-1806",4,"UND",236,944]
["2016-02-09","FILTRO ( 466 )","FIL A","FILTRO AIRE 16405-02N10",3,"UND",173.20414,519.61241999999993]
["2016-02-09","FILTRO ( 466 )","FL3321","FILTROS L3321",20,"UND",472,9440]
["2016-02-09","FILTROS DE ACEITE ( 33 )","F ACEI. LU.FINPH6715","FILTRO ACEITE LUB.FIN.PH6715 FORD 6610",5,"UND",379.31,1896.55]
["2016-02-09","FILTROS DE AIRE ( 32 )","F ACEI. WIX 51602","FILTRO ACEITE PLANTA CUMMINS",8,"UND",270,2160]
["2016-02-09","FILTROS DE AIRE ( 32 )","F ACEI.BALD.BD355","FILTRO ACEITE MITSUBISHI ",3,"UND",410,1230]
["2016-02-09","FILTROS DE AIRE ( 32 )","F ACEI.FLET.G.LF3345","FILTRO ACEITE PLANT.CUMMINS",1,"UND",256.35199999999998,256.35199999999998]
["2016-02-09","FILTROS DE AIRE ( 32 )","F ACEI.WIX 51607","FILTRO ACEITE PLANT.CUMINS",5,"UND",125,625]
["2017-10-05","FILTROS DE AIRE ( 32 )","F GAS 23390-64480","FILTRO GS.TANAKA PRADO",2,"UND",521,1042]
["2017-03-09","FILTROS DE AIRE ( 32 )","F GAS. 23390-OL010","FILTRO GASOIL HILUX",2,"UND",290,580]
["2017-03-09","FILTROS DE AIRE ( 32 )","F GAS. BALD.BF1205-S","FILTRO GASOIL NEW.HOL.6000",7,"UND",917.29304000000002,6421.0512799999997]
["2017-03-09","FILTROS DE AIRE ( 32 )","F GAS. BALD.P7088","FILTRO GASOIL PLANT. CATERP.",5,"UND",420,2100]
["2017-03-09","FILTROS DE AIRE ( 32 )","F GAS. BALDWIN FP-10","FILTRO GASOIL PLANT. CATERP.",3,"UND",241,723]
["2017-03-09","FILTROS DE AIRE ( 32 )","F GAS. LFF-8930","FILTRO GASOIL TOYOTA RUNNER",6,"UND",521,3126]
["2017-03-09","FILTROS DE AIRE ( 32 )","F GAS. WIX 33138","FILTRO GASOIL TOYOTA",3,"UND",236,708]
["2016-02-09","FILTROS DE AIRE ( 32 )","F GAS. WIX 33196","FILTRO GASOIL NEW HOL. TS120",1,"UND",742,{"$f":"+G504*E504","v":742}]
["2016-02-09","FILTROS DE AIRE ( 32 )","F GAS. WIX 33352","FILTRO GASOIL PLANTA CATERP.",4,"UND",330,1320]
["2016-02-09","FILTROS DE AIRE ( 32 )","F GAS. WIX 33386","FILTRO GASOIL CAMION CANTER",2,"UND",397,794]
["2016-02-09","FILTROS DE AIRE ( 32 )","F GAS.33239 ","FILTRO GASOIL INTERN.Y/O COMASU",8,"UND",267,2136]
["2016-02-09","FILTROS DE AIRE ( 32 )","F GAS.BALD.BF7532","FILTRO GASOIL NISSAN CIVILIAN",2,"UND",367,734]
["2016-02-09","FILTROS DE AIRE ( 32 )","F GAS.LUB.F.FP-941F","FILTRO G. MITS. 5103-0015",2,"UND",312,624]
["2016-02-09","FILTROS DE AIRE ( 32 )","F HID.F.G.51712","FILTRO HIDRAU. NISSAN FRONTIER",2,"UND",669,1338]
["2016-02-09","FILTROS DE AIRE ( 32 )","F HID.WIX 51791","FILTRO HIDRAUL. PLANTA CATERP.",1,"UND",330,330]
["2016-02-09","FILTROS DE AIRE ( 32 )","FA. 52087","FILTRO AIRE PUROL.PLANTA CATERPILAR",4,"UND",1900,7600]
["2016-02-09","FILTROS DE AIRE ( 32 )","FA. CA1588SY FORD","FILTRO AIRE FORD 6610",3,"UND",1136.5,3409.5]
["2016-02-09","FILTROS DE AIRE ( 32 )","FA. LAF 1741","FILTRO  AIRE TRACTOR YANMAR",2,"UND",2035,4070]
["2016-02-09","FILTROS DE AIRE ( 32 )","FA. N/R","FILTRO AIRE N/R PLANTA CUMINGS",2,"UND",1002,2004]
["2016-02-09","FILTROS DE AIRE ( 32 )","FA. PA2432  FORD ","FILTRO AIRE FORD 6610",3,"UND",997,2991]
["2016-02-09","FILTROS DE AIRE ( 32 )","FA. PA2845","FILTRO AIRE BALD. FORD 6610",1,"UND",1345,1345]
["2016-02-09","FILTROS DE AIRE ( 32 )","FA. WIX 42852 ","FILTRO AIRE PLANTA CATERPILAR",3,"UND",1895,5685]
["2016-02-09","FILTROS DE AIRE ( 32 )","FA.17801-0C010","FILTRO AIRE HILUX",2,"UND",305,610]
["2016-02-09","FILTROS DE AIRE ( 32 )","FA.17801-56010 ","FILTRO AIRE CAMION DAIHATSU",2,"UND",455,910]
["2016-02-09","FILTROS DE GASOIL ( 34 )","F GAS 16405-01170","FILTRO GAS SAKURA 16405-01170 NISSAN",1,"UND",622.85,622.85]
["2016-02-09","FLASH ( 63 )","FLASH DIRECCIONAL","FLAS DIRECCIONAL",2,"UND",275,550]
["2016-02-09","GALLETA ( 305 )","GALLETA.","GALLETA MACHO",2,"UND",3050.4484200000002,6100.8968400000003]
["2016-02-09","GOMAS ( 61 )","7001612","GOMAS 700X16 12 LONAS",1,"UND",7425.3505999999998,7425.3505999999998]
["2016-02-09","JUNTA DEL KRANK ( 478 )","JUNTA DEL KRANK","JUNTA DEL KRANK",1,"UND",6703.5564000000004,6703.5564000000004]
["2016-02-09","MANGUERAS ( 36 )","MANGUERA.","MANGUERA HIDRAULICA",2,"UND",3543.2699400000001,7086.5398800000003]
["2016-02-09","OTROS ( 5 )","BFTN","BOMBA FRENO TRASERO N.C.1993",1,"UND",6490,6490]
["2016-02-09","OTROS ( 5 )","AB 2 1/2","ABRAZADERA 2 1/2",4,"UND",97.94,391.76]
["2016-02-09","OTROS ( 5 )","AB1/2","ABRAZADERA 1/2",2,"UND",80.239999999999995,160.47999999999999]
["2016-02-09","OTROS ( 5 )","AB2","ABRAZADERA 2",9,"UND",87.32,785.87999999999988]
["2016-02-09","OTROS ( 5 )","AR15","AROS RASTRA #15",2,"UND",8250,16500]
["2016-02-09","OTROS ( 5 )","ASIENT TRA  TS-120","ASIENTO TRA TS-120",1,"UND",9322,9322]
["2016-02-09","OTROS ( 5 )","B12V21W","BOMBILLOS 12V 21W",14,"UND",593.70519999999999,8311.8727999999992]
["2016-02-09","OTROS ( 5 )","BBE.","BUSHING BARRA ESTAB. L200",2,"UND",960,1920]
["2016-02-09","OTROS ( 5 )","BC..","BABIT CIG TD27 QD32 STD TAHO",1,"UND",1974.9659999999999,1974.9659999999999]
["2016-02-09","OTROS ( 5 )","BCA","BUSHING CATRE ABAJO L200",2,"UND",960,{"$f":"+G536*E536","v":1920}]
["2016-02-09","OTROS ( 5 )","BCA,","BUSHING CATRE ARRIBA L200 ",2,"UND",960,1920]
["2016-02-09","OTROS ( 5 )","BCTD27","BABIT CIG STD TD27 QD32 NDC",1,"UND",950.00620000000004,950.00620000000004]
["2016-02-09","OTROS ( 5 )","BFCDD","BANDA FRENO COMP. D.D.2006",2,"UND",3600.0030000000002,7200.0060000000003]
["2016-02-09","OTROS ( 5 )","BFCHC","BANDA FRENO COMP. H.C. MOD.2002",2,"UND",3649.9760000000001,7299.9520000000002]
["2016-02-09","OTROS ( 5 )","BFCM","BANDA FRENO COMP. M. MOD.2002",2,"UND",3799.9882200000002,7599.9764400000004]
["2016-02-09","OTROS ( 5 )","BFCNF","BANDA FRENO COMP. N.F. MOD.2005",1,"UND",1850.0039999999999,1850.0039999999999]
["2016-02-09","OTROS ( 5 )","BHM","BUSHING HOJA MUELLE L200",3,"UND",960,2880]
["2016-02-09","OTROS ( 5 )","CBX46","CORREA B X 46",1,"UND",1546,1546]
["2016-02-09","OTROS ( 5 )","CDD.","CASQUILLO DAH.DELANTERO",1,"UND",1500,1500]
["2016-02-09","OTROS ( 5 )","CDEL","CRUCETA DELTA ",4,"UND",1064.9972,4259.9888000000001]
["2016-02-09","OTROS ( 5 )","CR,","COLLARINGN RASA",1,"UND",1650.0057999999999,1650.0057999999999]
["2020-01-31","OTROS ( 5 )","CT,.","CORREA TRACTOR",1,"UND",2891,2891]
["2020-01-31","OTROS ( 5 )","DES","DESGONCE",1,"UND",8966.92,8966.92]
["2020-01-31","OTROS ( 5 )","DR26","DISCO RASTRA 26",2,"UND",3000,6000]
["2020-01-31","OTROS ( 5 )","FA. 1714","FILTRO AIRE LAF 1714",2,"UND",800,1600]
["2020-01-31","OTROS ( 5 )","FA.BT8420","FILTRO ACEITE BT 8420",2,"UND",670,1340]
["2020-01-31","OTROS ( 5 )","FA9275","FILTRO AIRE 9275",2,"UND",1315.95461,2631.90922]
["2020-01-31","OTROS ( 5 )","FA9276,","FILTRO AIRE 9276",2,"UND",1111.56,2223.12]
["2020-01-31","OTROS ( 5 )","FAM","FILTRO ACEITE MITS. 1500A098",7,"UND",1029.55,7206.8499999999995]
["2020-01-31","OTROS ( 5 )","FAM,","FILTRO AIRE MITSUBISHI",5,"UND",701.39200000000005,3506.96]
["2020-01-31","OTROS ( 5 )","FAP,","FILTRO AIRE PR. A5540 ",2,"UND",4484,8968]
["2020-01-31","OTROS ( 5 )","FAPA2431","FILTRO AIRE PA 2431",1,"UND",1300,1300]
["2020-01-31","OTROS ( 5 )","FH3373K","FILTRO HID. 3373K758-AA",3,"UND",3000,9000]
["2020-01-31","OTROS ( 5 )","FPA","FILTRO PEQ. AIRE GOLD",1,"UND",800,800]
["2020-01-31","OTROS ( 5 )","FUS10","FUSIBLE 10",2,"UND",33.04,66.08]
["2020-01-31","OTROS ( 5 )","FUS15","FUSIBLE 15",5,"UND",44.84,224.20000000000002]
["2020-01-31","OTROS ( 5 )","FUS20","FUSIBLE 20",4,"UND",90.623999999999995,362.49599999999998]
["2020-01-31","OTROS ( 5 )","FUS30","FUSIBLE 30",1,"UND",67.260000000000005,67.260000000000005]
["2020-01-31","OTROS ( 5 )","G.700R16","GOMAS 700R16",14,"UND",11044.8,154627.19999999998]
["2020-01-31","OTROS ( 5 )","G245-70R16","GOMAS 245-70R16 ",4,"UND",10513.8,42055.199999999997]
["2020-01-31","OTROS ( 5 )","JALON","JALON",1,"UND",9800,9800]
["2020-01-31","OTROS ( 5 )","JBFTN","JUEGO BANDA FRENO TRAS.N.C.1993",2,"UND",3900.0003000000002,{"$f":"+G568*E568","v":7800.0006000000003}]
["2020-01-31","OTROS ( 5 )","JJQD32","JUEGO JUNTA QD32",1,"UND",3950.0028000000002,3950.0028000000002]
["2020-01-31","OTROS ( 5 )","KBKM","KOMBAT BRAKET BANDA MIST. C.",1,"UND",800,800]
["2020-01-31","OTROS ( 5 )","KSCT","KIT SELLO Y CASQUILLO TRANSM.",1,"UND",4098.6592000000001,4098.6592000000001]
["2020-01-31","OTROS ( 5 )","LV16","LIMPIA VIDRIO 16",3,"UND",570.17600000000004,1710.5280000000002]
["2020-01-31","OTROS ( 5 )","LV18","LIMPIA VIDRIO 18",4,"UND",570.17600000000004,2280.7040000000002]
["2020-01-31","OTROS ( 5 )","LV19","LIMPIA VIDRIO 19",1,"UND",570.17600000000004,570.17600000000004]
["2020-01-31","OTROS ( 5 )","MR.","MANGUERA RADIADOR 188286-C",1,"UND",530,530]
["2020-01-31","OTROS ( 5 )","MRAST","MANGUERA RASTRA COVALTA",2,"UND",10502,21004]
["2020-01-31","OTROS ( 5 )","MRU","MANGUERA RASTRA USATEK 1/2",1,"UND",10500,10500]
["2020-01-31","OTROS ( 5 )","PL7","PANTALLA LED 7",2,"UND",1350.0026,2700.0052000000001]
["2020-01-31","OTROS ( 5 )","PWD-40","PENETRANTE WD-40 6.6 OE ",4,"UND",263.7654,1055.0616]
["2020-01-31","OTROS ( 5 )","R.67010","ROLLBEARING 67010",1,"UND",780,780]
["2020-01-31","OTROS ( 5 )","R29685/20","ROLLBEARING N.29685/20",1,"UND",550,550]
["2020-01-31","OTROS ( 5 )","RPDT","RETENEDORA PIÑA DELANT. T. TS-120",1,"UND",1800,1800]
["2020-01-31","OTROS ( 5 )","STM","SELLO TRASERO MOTOR",1,"UND",2342.5477999999998,2342.5477999999998]
["2020-01-31","OTROS ( 5 )","TA.85W-140","TANQUE AC. 85W-140",2,"UND",38822,77644]
["2020-01-31","OTROS ( 5 )","TBP,","TAZA BOLA DE LA PIÑA RAST. 6306",1,"UND",2000,2000]
["2020-01-31","OTROS ( 5 )","TCO,","TAPON COMBUSTIBLE",1,"UND",3610.8,3610.8]
["2020-01-31","OTROS ( 5 )","TERM.H.","TERMINALES HEMBRA 10",50,"UND",170.17959999999999,8508.98]
["2020-01-31","OTROS ( 5 )","TGP","TANQUE GRASA PESADA 15/40",1,"UND",49767.467600000004,49767.467600000004]
["2020-01-31","OTROS ( 5 )","TTDT.","TAZA TREN DELANT. TR.TS-6000",1,"UND",2000,2000]
["2020-01-31","PLUG DE RELAY ( 66 )","PLUG BOMBILLO H4","PLUG BOMILLO H4",1,"UND",40,40]
["2020-01-31","RELOJ TABLERO ( 158 )","RELOJ K300-465","RELOJ PRESION ACEITE",1,"UND",750,750]
["2020-01-31","RELOJ TABLERO ( 158 )","RELOJ K300-478","RELOJ GENERACION TRACTORES",1,"UND",400,400]
["2020-01-31","ROBERI ( 72 )","ROLBEARING 32208M","ROLBEARING TIMKIN 32208",7,"UND",1038,7266]
["2020-01-31","ROBERI ( 72 )","ROLBEARING 33207.A","ROLBEARING SNR 33207.A",2,"UND",550,1100]
["2020-01-31","ROBERI ( 72 )","ROLBEARING 6305.ZZ.J","ROLBEARING SNR 6305.ZZJR.",1,"UND",270,270]
["2020-01-31","ROBERI ( 72 )","ROLBEARING 802048","ROLBEARING FEDERAL MOGEL",1,"UND",916.66666999999995,916.66666999999995]
["2020-01-31","ROBERI ( 72 )","ROLBEARING LM67048/1","ROLBEARING KOYO LM67048/10",10,"UND",310,3100]
["2020-01-31","ROBERI ( 72 )","ROLBEARING M86649/10","ROLBEARING NBR M86649/10",2,"UND",550,1100]
["2020-01-31","ROLBEARING ( 193 )","ROL","ROLLBEARING 30210",1,"UND",2442.8123999999998,2442.8123999999998]
["2020-01-31","ROLBEARING ( 193 )","ROLLB","ROLLBEARING 12649",4,"UND",967.55555000000004,{"$f":"+G600*E600","v":3870.2222000000002}]
["2020-01-31","ROLBEARING ( 193 )","R3610","ROLLBERING 3610 PIÑA  D. T.",1,"UND",960,960]
["2020-01-31","ROLBEARING ( 193 )","RT6610","ROLBEARING 501349-10 T.6610",1,"UND",960,960]
["2020-01-31","ROLL BEARING PE PUNTA EJE ( 410 )","ROLL BEARIN PE PUN E","ROLL BEARIN PEQUEÑO PUNTA EJE",1,"1 KG",782.81,782.81]
["2020-01-31","ROLOS ( 59 )","ROLOS","ROLOS RASTRA",10,"UND",636.65124000000003,6366.5124000000005]
["2020-01-31","SELENOIDE ( 179 )","SELENOIDE","SELENOIDE",1,"UND",7811.6,7811.6]
["2020-01-31","SOPORTE CARDAN ( 359 )","SOPORTE CARDAN 1","SOPORTE CARDAN 1",1,"UND",2950,2950]
["2020-01-31","TANQUE ACEITE 20W50 ( 257 )","TANQUE ACEITE 20W50","TANQUE ACEITE 20W50",1,"UND",47642.5,47642.5]
["2020-01-31","TERMINALES ( 157 )","TERMINALES #12","TERMINALES #12",32,"UND",5,160]
["2020-01-31","TERMINALES ( 157 )","TERMINALES #8","TERMINALES #8",51,"UND",5,255]
["2020-01-31","TERMINALES ( 157 )","TERMINALES NO.10","TERMINALES NO.10",14,"UND",4.5714300000000003,64.000020000000006]
["2020-01-31","TRANSMISION AUTOM. ( 602 )","CTA","CUBETA TRANSMISION AUT.",1,"UND",6667.59,6667.59]
["2020-01-31","TUBOS ( 52 )","70016","TUBOS 700X16 12 LONAS",1,"UND",779.29196999999999,779.29196999999999]
["TOTAL",null,null,null,null,null,null,{"$f":"SUM(H440:H612)","v":895561.30119000003}]
[]
[]
[]
[]
[null,"PREPARADO POR"]